000 00572nam a2200181Ia 4500
003 GCL
008 140319s9999 xx 000 0 ara d
040 _aGCL /
_cGCL
082 0 4 _aق
_b960.962
_bد م
100 1 _aحليم طوسون
245 1 0 _aالاصول الزنجية للحضارة المصرية /
_cحليم طوسون
700 1 _aديوب، شيخ انتا
300 _a294 ص
490 _aكتاب العالم الثالث
_v0
650 0 4 _aالحضارة الفرعونية
650 0 4 _aاللغة المصرية القديمة
942 _2ddc
_cBK
999 _c44093
_d44093